| 000 | 00483nam a22002057a 4500 | ||
|---|---|---|---|
| 003 | bpm | ||
| 005 | 20260417104049.0 | ||
| 008 | 260417b |||||||| |||| 00| f spa d | ||
| 022 | _a8401491649 | ||
| 024 | _aS. C. C. / M. C. y E. M.: | ||
| 040 | _aAR-CtUCP | ||
| 041 | _aspa | ||
| 080 | _aCDU | ||
| 100 | _aChandler Raymond | ||
| 245 | _aLa ventana siniestra | ||
| 260 |
_aEspaña _bPlaza & Janés _c1987 |
||
| 650 | _aLiteratura - Novela | ||
| 942 | _cLIB | ||
| 999 |
_c76665 _d76665 |
||